000 00328nam a22001457a 4500
008 230127b ||||| |||| 00| 0 eng d
020 _a9780849302336
041 _aeng
080 _2SECOND EDITION
_a34
082 _a34RUD
100 _a30
101 _aJURED
245 _aFOREENSIC DNA ANALYSIS
_cRUDIN N
942 _2udc
_cBK
999 _c59285
_d59285